[Event "ch-POL w"]
[Site "Warsaw POL"]
[Date "2004.04.30"]
[Round "5"]
[White "Szczepkowska,K"]
[Black "Gapa,S"]
[Result "0-1"]
[WhiteElo "2274"]
[BlackElo "2040"]

1.e4 c5 2.Nf3 Nc6 3.Bb5 g6 4.O-O Bg7 5.c3 e5 6.d3 Nge7 7.Be3 b6 8.Qd2 O-O
9.Na3 a6 10.Bc4 d5 11.Bb3 Kh8 12.h3 Rb8 13.Rfe1 c4 14.dxc4 dxe4 15.Qxd8 Nxd8
16.Ng5 f5 17.Rad1 Nec6 18.Rd6 h6 19.Ba4 hxg5 20.Bxc6 Nxc6 21.Rxc6 Rf6 22.Rc7 f4
23.Bc1 Bf5 24.Rd1 Bf8 25.b4 Rd6 26.Re1 Rbd8 27.Kf1 Rd1 28.Rc6 g4 29.hxg4 Bxg4
30.Nc2 Bf5 31.Ke2 f3+ 32.gxf3 exf3+ 33.Kxf3 Bxc2 34.Rxd1 Bxd1+ 35.Ke4 Bg7
36.Rxb6 Bc2+ 37.Kf3 Rd1 38.Be3 Rg1 39.Ke2 e4 40.Kd2 Bd3 41.Rxa6 Rb1 42.Bd4 Rb2+
43.Ke1 Bxd4 44.cxd4 Re2+ 45.Kd1 Rxf2 46.Re6 g5 47.d5 Bxc4 48.Re8+ Kg7 49.d6 Rf7
50.Rxe4 Bxa2 51.Re5 Kf6 52.Re2 Bb3+ 53.Kd2 Rd7 54.Kc3 Ba4 55.Rd2 Ke6 56.Rg2 Rg7
57.Kd4 Kxd6 58.Ra2 Bd7 59.Ra6+ Kc7 60.Kc5 g4 61.Ra7+ Kd8 62.Ra1 g3 63.Rg1 g2
64.Kd6 Rg6+ 65.Kc5 Bh3 66.b5 Kc7  0-1

[Event "1st ACP Women Blitz"]
[Site "playchess.com INT"]
[Date "2004.05.02"]
[Round "4"]
[White "Skripchenko,A"]
[Black "Ambrosi,E"]
[Result "1-0"]
[WhiteElo "2456"]
[BlackElo "2118"]

1.e4 c5 2.Nf3 Nc6 3.Bb5 e6 4.O-O Nge7 5.b3 a6 6.Bxc6 Nxc6 7.Bb2 b5 8.a4 Bb7
9.axb5 axb5 10.Rxa8 Qxa8 11.Nc3 Qa5 12.Re1 Be7 13.Nd5 O-O 14.Nxe7+ Nxe7 15.d4 cxd4
16.Qxd4 f6 17.Qxd7  1-0

[Event "1st ACP Women Blitz"]
[Site "playchess.com INT"]
[Date "2004.05.02"]
[Round "6"]
[White "Skripchenko,A"]
[Black "Harika,D"]
[Result "1/2-1/2"]
[WhiteElo "2456"]
[BlackElo "2368"]

1.e4 c5 2.Nf3 Nc6 3.Bb5 g6 4.Bxc6 dxc6 5.d3 Bg7 6.h3 Nf6 7.Nc3 O-O 8.Be3 b6
9.Qd2 e5 10.Nh2 Ne8 11.O-O Nc7 12.f4 exf4 13.Bxf4 Ne6 14.Be3 Nd4 15.Kh1 Be6
16.b3 Nb5 17.Nxb5 Bxa1 18.Rxa1 cxb5 19.Bh6 Re8 20.Rf1 f6 21.Qf2 Rc8 22.Nf3 Rc7
23.e5 Rf7 24.exf6 Qxf6 25.Bg5 Qg7 26.Qh4 Bd5 27.Bh6 Qf6 28.Bg5 Qg7 29.Bh6 Qh8
30.Re1 Rxe1+ 31.Qxe1 Qf6 32.Qe8+ Rf8 33.Bxf8 Qxf8 34.Qxf8+ Kxf8 35.Nd2 Ke7
36.Kg1 Kf6 37.Kf2 Ke5 38.c3 b4 39.d4+ cxd4 40.cxb4  1/2-1/2

[Event "Karadjordje-Serbia"]
[Site "Topola SCG"]
[Date "2004.05.05"]
[Round "2"]
[White "Sedlak,N"]
[Black "Goloshchapov,A"]
[Result "0-1"]
[WhiteElo "2519"]
[BlackElo "2569"]

1.e4 c5 2.Nf3 Nc6 3.Bb5 e6 4.O-O Nge7 5.Re1 a6 6.Bf1 d5 7.d3 d4 8.e5 Nd5
9.Bg5 Be7 10.Bxe7 Qxe7 11.g3 O-O 12.Nbd2 b5 13.h4 Bb7 14.Bh3 h6 15.Nf1 Rfd8
16.N3d2 Rac8 17.a3 Rc7 18.Qh5 c4 19.dxc4 bxc4 20.Nxc4 Ncb4 21.Qe2 d3 22.cxd3 Nxd3
23.Nd6 Nxe1 24.Rxe1 Qd7 25.Bg2 Qa4 26.Be4 Ba8 27.Bb1 Ne7 28.Ne3 Nc8 29.Nec4 Nxd6
30.Nxd6 Rb8 31.Qd3 g6 32.b4 Qc6 33.Ne4 Qc4 34.Nf6+ Kg7 35.Qe3 Rd8 36.Be4 Qc3
37.Bxa8 Qxe3 38.Rxe3 Rxa8 39.Rd3 Kf8 40.Ng4 h5 41.Nf6 Ke7 42.Rd6 a5 43.bxa5 Rxa5
44.Ng8+ Kf8 45.Rd8+ Kg7 46.f4 Rd5 47.Rxd5 exd5 48.Nf6 Rc3 49.Nxd5 Rxg3+ 50.Kh2 Rxa3
51.Kg2 Rd3 52.Nf6 Kf8 53.Ne4 Ke7 54.Ng5 f6 55.Nf3 Ke6 56.exf6 Kxf6 57.Ne5 Rc3  0-1

[Event "7th United Insurance"]
[Site "Dhaka BAN"]
[Date "2004.05.07"]
[Round "1"]
[White "Hasan,Me"]
[Black "Sharma,D"]
[Result "1-0"]
[WhiteElo "2243"]
[BlackElo "2369"]

1.e4 c5 2.Nf3 Nc6 3.Bb5 g6 4.Bxc6 dxc6 5.d3 Bg7 6.h3 e5 7.Be3 Qe7 8.Qd2 h6
9.Nc3 Nf6 10.O-O Nd7 11.Nh2 Nf8 12.f4 exf4 13.Rxf4 Ne6 14.Rf2 Nd4 15.Raf1 Be6
16.Ng4 f5 17.Nxh6 Qh4 18.exf5 gxf5 19.Nxf5 Nxf5 20.Rxf5 Bxf5 21.Rxf5 O-O-O
22.Bxc5 b6 23.Bf2 Qe7 24.Qf4 Bxc3 25.bxc3 Rdf8 26.Bg3 Kb7 27.Qe5 Qd7 28.Rxf8 Rxf8
29.Qd6 Qf7 30.Kh2 Re8 31.Be5 Rg8 32.c4 Re8 33.Qf6 Qh5 34.d4 c5 35.g4 Qh7
36.Qg7+ Qxg7 37.Bxg7 cxd4 38.Bxd4 Re2+ 39.Kg3 Rxc2 40.h4 Rxc4 41.Bf6 Ra4
42.h5 Ra3+ 43.Kf4 Rxa2 44.g5 Rf2+ 45.Kg3 Rf1 46.h6 Rh1 47.Bg7 Kc6 48.Kf4 Kd5
49.g6 Rf1+ 50.Kg5 Ke6 51.Bd4 Rf5+ 52.Kg4 Rd5 53.Bb2 Rd2 54.Bc1 Rg2+ 55.Kh3 Rxg6
56.h7 Rg1 57.Bf4 Rf1 58.h8=Q  1-0

[Event "CXSP Open"]
[Site "Sao Paulo BRA"]
[Date "2004.05.07"]
[Round "1"]
[White "Pelikian,J"]
[Black "Galindo,V"]
[Result "1-0"]
[WhiteElo "2407"]
[BlackElo "2110"]

1.e4 c5 2.Nf3 Nc6 3.Bb5 g6 4.O-O Bg7 5.c3 Nf6 6.Re1 a6 7.Bf1 d5 8.e5 Ng4
9.d4 c4 10.Bf4 Bf5 11.h3 Nh6 12.Qd2 Ng8 13.b3 b5 14.Qb2 e6 15.Nbd2 h5 16.a4 Bh6
17.Bxh6 Nxh6 18.axb5 axb5 19.bxc4 bxc4 20.Rxa8 Qxa8 21.Ra1 Qb8 22.Qa3 Ng8
23.Nh2 Nge7 24.g4 hxg4 25.hxg4 Bc2 26.Rc1 Bb3 27.Rb1 O-O 28.Nxb3 cxb3 29.Rxb3 Qa8
30.Qc1 Kg7 31.Qf4 f5 32.exf6+ Rxf6 33.Qe3 Qa2 34.Rb7 Qa8 35.Rb1 Nb8 36.Bd3 Qa3
37.Bf1 Qd6 38.Re1 Nec6 39.Bh3 Rf8 40.Kg2 Re8 41.f4 Rf8 42.Rf1 Na5 43.Qe5+ Qxe5
44.fxe5 Rxf1 45.Kxf1 g5 46.Nf3 Kg6 47.Ke1 Nc4 48.Ke2 Nc6 49.Bf1 Nb6 50.Kd1 Nd8
51.Bd3+ Kh6 52.Kc2 Nc8 53.Kb3 Ne7 54.Kb4 Ng6 55.Bxg6 Kxg6 56.Kc5 Nf7 57.Kc6 Nh6
58.Nh2 Kg7 59.Kd6 Kf7 60.Kd7 Ng8 61.Nf3 Nh6 62.Nxg5+ Kg6 63.Nxe6 Nxg4 64.Nf4+  1-0

[Event "Capablanca Mem Premier I"]
[Site "Havana CUB"]
[Date "2004.05.08"]
[Round "3"]
[White "Hernandez,Hol"]
[Black "Gongora,M"]
[Result "0-1"]
[WhiteElo "2426"]
[BlackElo "2422"]

1.e4 c5 2.Nf3 Nc6 3.Bb5 e6 4.Bxc6 bxc6 5.b3 f6 6.O-O Ne7 7.Ba3 d6 8.c3 Ng6
9.d4 cxd4 10.cxd4 Be7 11.Nbd2 O-O 12.Qc1 Ba6 13.Re1 Qa5 14.e5 fxe5 15.dxe5 Nf4
16.Bxd6 Bxd6 17.exd6 Qd5 18.Qa3 Be2 19.b4 Rad8 20.Qe3 Bxf3 21.Nxf3 Rxd6 22.Qc5 Nxg2
23.Qxd5 exd5 24.Kxg2 Rg6+ 25.Kf1 Rxf3 26.Re8+ Rf8 27.Rae1 Rf6 28.R1e2 Rxf2+
29.Rxf2 Rxe8 30.Kg2 Re4  0-1

[Event "CXSP Open"]
[Site "Sao Paulo BRA"]
[Date "2004.05.08"]
[Round "2"]
[White "Leitao,R"]
[Black "Deus Fo.,J"]
[Result "1-0"]
[WhiteElo "2564"]
[BlackElo "2056"]

1.e4 c5 2.Nf3 Nc6 3.Bb5 g6 4.Bxc6 bxc6 5.O-O Bg7 6.Re1 Nf6 7.e5 Nd5 8.c4 Nc7
9.d4 cxd4 10.Qxd4 d5 11.Nc3 h6 12.cxd5 cxd5 13.Be3 O-O 14.Rad1 Be6 15.Qh4 g5
16.Qg3 Bf5 17.h4 f6 18.Bc5 Rf7 19.Nd4 fxe5 20.Nc6 Qd7 21.Nxe5 Bxe5 22.Rxe5 e6
23.hxg5 hxg5 24.Bd4 Qd8 25.f3 Rb8 26.Rd2 a6 27.Ree2 Nb5 28.Nxb5 axb5 29.Qe5 Rh7
30.g4 Qc8 31.gxf5 Qc1+ 32.Re1  1-0

[Event "CXSP Open"]
[Site "Sao Paulo BRA"]
[Date "2004.05.08"]
[Round "3"]
[White "Pelikian,J"]
[Black "Batista,Re2"]
[Result "1-0"]
[WhiteElo "2407"]
[BlackElo "2261"]

1.e4 c5 2.Nf3 Nc6 3.Bb5 g6 4.O-O Bg7 5.c3 d6 6.d4 cxd4 7.cxd4 Bd7 8.Nc3 a6
9.Be2 Nf6 10.h3 O-O 11.Be3 b5 12.a3 Rc8 13.Rc1 Na5 14.b3 Be6 15.Nd2 d5 16.e5 Nd7
17.Nf3 f6 18.exf6 exf6 19.Re1 Re8 20.a4 b4 21.Na2 Qb6 22.Qd3 Ra8 23.Qd1 Rac8
24.Rxc8 Rxc8 25.Bd3 Bf7 26.Nc1 Bf8 27.Qe2 Rc6 28.h4 Nb7 29.Nh2 Re6 30.h5 f5
31.hxg6 hxg6 32.Qd2 Bg7 33.Nf3 Nf6 34.Ne2 Nd6 35.Rc1 Nfe4 36.Qc2 Bf6 37.Ne5 Be8
38.Nf4 Bxe5 39.Nxe6 Bf6 40.Qc7 Qxc7 41.Nxc7  1-0

[Event "Bundesliga w Playoff 2003-4"]
[Site "Baden Baden GER"]
[Date "2004.05.09"]
[Round "16"]
[White "Bojkovic,N"]
[Black "Kovalevskaya,E"]
[Result "1/2-1/2"]
[WhiteElo "2400"]
[BlackElo "2467"]

1.e4 c5 2.Nf3 Nc6 3.Bb5 g6 4.Bxc6 dxc6 5.d3 Bg7 6.h3 Nf6 7.Nc3 Nd7 8.Be3 b6
9.Qd2 h6 10.Nh2 Nf8 11.f4 Ne6 12.O-O Nd4 13.Rae1 Ba6 14.Nd1 Qd7 15.Nf2 O-O-O
16.Qc1 f5 17.e5 g5 18.fxg5 Bxe5 19.Bxd4 Bxd4 20.Nf3 hxg5 21.Nxd4 cxd4 22.Qxg5 e6
23.Re5 c5 24.Qf6 Bb7 25.Qxe6 Qxe6 26.Rxe6 Rdg8 27.g4 fxg4 28.hxg4 Bf3 29.Rfe1 Bxg4
30.Nxg4 Rxg4+ 31.Kf2 Rf8+ 32.Ke2 Rg2+ 33.Kd1 Rff2 34.R6e2  1/2-1/2

[Event "Bundesliga Playoff 2003-4"]
[Site "Baden Baden GER"]
[Date "2004.05.09"]
[Round "16"]
[White "Shirov,A"]
[Black "Van Wely,L"]
[Result "0-1"]
[WhiteElo "2713"]
[BlackElo "2651"]

1.e4 c5 2.Nf3 Nc6 3.Bb5 g6 4.Bxc6 dxc6 5.d3 Bg7 6.h3 b6 7.O-O Nf6 8.Bd2 O-O
9.Bc3 Ne8 10.Nbd2 Nc7 11.Bxg7 Kxg7 12.a3 f6 13.e5 a5 14.exf6+ exf6 15.Re1 Be6
16.Ne4 Qd7 17.Qd2 a4 18.Re2 Rf7 19.Rae1 h6 20.c4 Qd8 21.Qc3 Rd7 22.Re3 Kf7
23.g4 Kg7 24.Ne5 Rd4 25.Nxc6 Qd7 26.Nxd4 cxd4 27.Qb4 dxe3 28.Rxe3 Bf7 29.Nxf6 Qd4
30.Ne4 Ne6 31.Nd6 Rf8 32.Qc3 Qxc3 33.bxc3 Rd8 34.Nb5 g5 35.d4 Kf6 36.d5 Nf4
37.Nc7 Rc8 38.d6 Rd8 39.c5 bxc5 40.Re4  0-1

[Event "7th United Insurance"]
[Site "Dhaka BAN"]
[Date "2004.05.09"]
[Round "3"]
[White "Uddin,S"]
[Black "Sharma,D"]
[Result "0-1"]
[WhiteElo "2254"]
[BlackElo "2369"]

1.e4 c5 2.Nf3 Nc6 3.Bb5 g6 4.O-O Bg7 5.Re1 Nf6 6.c3 O-O 7.d4 cxd4 8.cxd4 d5
9.e5 Ne4 10.Nc3 Nxc3 11.bxc3 Na5 12.Bg5 a6 13.Bf1 Bf5 14.Nd2 Rc8 15.Rc1 Qd7
16.Nb3 Nc4 17.Nc5 Qc7 18.g4 Be6 19.Rb1 b6 20.Bxc4 bxc5 21.Bxa6 Ra8 22.Qe2 Bxg4
23.Qxg4 Rxa6 24.Rb5 cxd4 25.cxd4 e6 26.Rc1 Qa7 27.Rbc5 Ra4 28.Qf4 Rc4 29.R1xc4 dxc4
30.Qd2 Qa4 31.Qe2 Rb8 32.Rxc4 Rb1+ 33.Kg2 Qa8+ 34.f3 h6 35.Qc2 Qb7 36.Bc1 Kh7
37.Rc7 Qb5 38.Rxf7 Rb4 39.Qd2 Kg8 40.Rxg7+ Kxg7 41.Qxh6+ Kf7 42.Qh7+ Ke8
43.Qxg6+ Kd7 44.Be3 Qe2+ 45.Bf2 Rb2 46.Qg3 Rxa2 47.h4 Qd2 48.h5 Kc6 49.Qh4 Qh6
50.Qe7 Qd2 51.Qxe6+ Kb5 52.Qd5+ Ka6 53.Qc6+ Ka5 54.Qc5+ Ka4 55.d5 Rc2 56.Qa7+ Kb3
57.Qb6+ Ka2 58.Qa6+ Kb3 59.Qb5+ Ka3 60.Qa6+ Kb3 61.Qb6+ Ka2 62.Kh3 Qxd5 63.Qe3 Qe6+
64.Kg3 Rb2 65.Qa7+ Kb1 66.Qh7+ Ka2  0-1

[Event "Karadjordje-Serbia"]
[Site "Topola SCG"]
[Date "2004.05.11"]
[Round "8"]
[White "Damljanovic,B"]
[Black "Goloshchapov,A"]
[Result "1-0"]
[WhiteElo "2583"]
[BlackElo "2569"]

1.e4 c5 2.Nf3 Nc6 3.Bb5 e6 4.O-O Nge7 5.c3 a6 6.Ba4 b5 7.Bc2 Bb7 8.Re1 Rc8
9.a4 b4 10.d4 bxc3 11.d5 Nb4 12.Nxc3 Ng6 13.Bd3 c4 14.Bf1 Bc5 15.Be3 O-O
16.dxe6 dxe6 17.Bxc5 Rxc5 18.Qxd8 Rxd8 19.Rad1 Rb8 20.Rd2 Kf8 21.Red1 Nc6
22.g3 Bc8 23.Be2 f6 24.Kg2 Kf7 25.h4 Nge5 26.Ne1 Nb4 27.f4 Ned3 28.Bxd3 Nxd3
29.Nxd3 cxd3 30.Kf2 a5 31.Ke3 Ba6 32.g4 Rb4 33.f5 g6 34.fxg6+ hxg6 35.Rf2 f5
36.h5 gxh5 37.gxh5 Ke7 38.Rh1 Rb8 39.h6 Rh8 40.Rg2 Kf6 41.h7 Kf7 42.Rh6 Bc4
43.Kd4 Rc6 44.Ke5 Rc5+ 45.Nd5 Bxd5 46.Rf6+ Ke7 47.Rg7+ Ke8 48.exd5 d2 49.Rg8+ Ke7
50.Rxe6+ Kd7 51.Rd6+ Kc7 52.Rxh8 d1=Q 53.Rc8+ Kxc8 54.h8=Q+ Kb7 55.Rd7+ Rc7
56.Rxc7+ Kxc7 57.Qg7+ Kb8 58.Qf8+ Kb7 59.Qe7+ Kb6 60.Qd6+ Kb7 61.Qc6+ Ka7
62.Qc5+ Kb7 63.Qb5+ Kc8 64.Qc6+ Kb8 65.Qb6+ Kc8 66.Qxa5 Qe2+ 67.Kd6 Qh2+
68.Kc6 Qh6+ 69.d6 Qh1+ 70.Qd5 Qc1+ 71.Qc5  1-0

[Event "22nd LIE-Open"]
[Site "Triesen LIE"]
[Date "2004.05.14"]
[Round "1"]
[White "Kritz,L"]
[Black "Eiler,G"]
[Result "1-0"]
[WhiteElo "2534"]
[BlackElo "2091"]

1.e4 c5 2.Nf3 Nc6 3.Bb5 g6 4.Bxc6 dxc6 5.d3 Bg7 6.h3 Nf6 7.Nc3 O-O 8.Be3 b6
9.Qd2 Bb7 10.Bh6 Qc7 11.O-O-O Rfd8 12.e5 Nd5 13.Bxg7 Kxg7 14.Ne4 f6 15.h4 Qd7
16.h5 Rh8 17.c4 Nc7 18.exf6+ exf6 19.h6+ Kf7 20.Qf4 Ne8 21.Ne5+  1-0

[Event "Rapid Match"]
[Site "Cergy Pontoise FRA"]
[Date "2004.05.15"]
[Round "1"]
[White "Fressinet,L"]
[Black "Tregubov,P"]
[Result "0-1"]
[WhiteElo "2638"]
[BlackElo "2636"]

1.e4 c5 2.Nf3 Nc6 3.Bb5 Nf6 4.Bxc6 dxc6 5.d3 Bg4 6.Nbd2 e6 7.h3 Bh5 8.g4 Bg6
9.Nc4 Qc7 10.Nfe5 Nd7 11.Bf4 Nxe5 12.Bxe5 Qd7 13.Bg3 Be7 14.Qe2 f6 15.f4 b5
16.Nd2 O-O 17.h4 Bf7 18.Nf3 c4 19.dxc4 e5 20.f5 Bxc4 21.Qe3 Bd8 22.Rd1 Qe7
23.Qc3 Bb6 24.Bf2 c5 25.b3 Qc7 26.Nd2 Bf7 27.Kf1 Rfd8 28.Kg2 Be8 29.Qf3 Bc6
30.Rhe1 Qb7 31.g5 Rd7 32.Qe2 Rad8 33.Qe3 Ba5 34.Re2 Rd4 35.Kh2 Qd7 36.Be1 c4
37.gxf6 gxf6 38.Rg2+ Kh8 39.Qh6 Qf7 40.Nf3 Rxd1 41.Bxa5 Bxe4 42.Bxd8 Rxd8
43.Qe3 Bxf5 44.bxc4 Qxc4 45.Qxa7 Qf4+ 46.Rg3 Rg8 47.Qf2 e4  0-1

[Event "Rapid Match"]
[Site "Cergy Pontoise FRA"]
[Date "2004.05.15"]
[Round "3"]
[White "Fressinet,L"]
[Black "Tregubov,P"]
[Result "1/2-1/2"]
[WhiteElo "2638"]
[BlackElo "2636"]

1.e4 c5 2.Nf3 Nc6 3.Bb5 Nf6 4.Bxc6 dxc6 5.d3 Bg4 6.Nbd2 e6 7.h3 Bxf3 8.Qxf3 Be7
9.O-O O-O 10.Qg3 Nd7 11.Nc4 b5 12.Nd2 Bh4 13.Qg4 f5 14.Qe2 f4 15.e5 Qg5 16.Nf3 Qh5
17.Qe4 Rac8 18.Bxf4 Be7 19.a4 c4 20.Be3 cxd3 21.axb5 cxb5 22.cxd3 Nc5 23.Bxc5 Bxc5
24.d4 Bb6 25.Rac1 Qh6 26.Rxc8 Rxc8 27.d5 exd5 28.Qxd5+ Kh8 29.Qxb5 Qe6 30.Qd3 h6
31.Qd6 Qe8 32.e6 Rc6 33.Qd7 Qxe6 34.Qxe6 Rxe6 35.Re1 Rc6 36.Re2 Kg8 37.g4 Rc4
38.Kg2 Rb4 39.Ne1 Rb3 40.Nf3 Rb4 41.Rc2 Kf7 42.Ne5+ Ke6 43.Nc4 Bd4 44.Kf3 Kd5
45.Ne3+ Bxe3 46.fxe3 Kd6 47.Rd2+ Ke6 48.Ke2 Rb3 49.Kf3 a5 50.Kf4 a4 51.Rd4 a3
52.bxa3 Rxa3 53.Rb4 Kf6 54.Rb6+ Kf7 55.h4 Ra5 56.h5 Rg5 57.e4 Ke7 58.e5 Kf7
59.Ra6 Ke7 60.Rg6 Rxg6 61.hxg6 Ke6 62.Ke4 Ke7 63.Kd5 Kd7 64.e6+ Ke7 65.Ke5 Ke8
66.Kd6 Kd8 67.Kd5 Ke8 68.Kd6 Kd8 69.e7+ Ke8 70.Ke6 h5 71.gxh5  1/2-1/2

[Event "Capablanca Mem Elite"]
[Site "Havana CUB"]
[Date "2004.05.15"]
[Round "8"]
[White "Felgaer,R"]
[Black "Ramirez,Al"]
[Result "0-1"]
[WhiteElo "2592"]
[BlackElo "2542"]

1.e4 c5 2.Nf3 Nc6 3.Bb5 e6 4.O-O Nge7 5.c3 a6 6.Ba4 b5 7.Bc2 Bb7 8.Qe2 g6
9.d4 cxd4 10.cxd4 Bg7 11.Rd1 O-O 12.Nc3 d6 13.Bf4 Rc8 14.Rac1 Re8 15.e5 Nd5
16.Bg3 Nxc3 17.bxc3 dxe5 18.dxe5 Qc7 19.h4 Ne7 20.Bb3 Nf5 21.Bf4 Bxf3 22.Qxf3 Bxe5
23.Bg5 h6 24.Bd2 Nxh4 25.Qh3 g5 26.c4 Qe7 27.c5 Rc6 28.Bb4 Qf6 29.Qd3 Qf4
30.g3 Qxb4 31.gxh4 Qxh4 32.Qf3 Rec8 33.Rd7 Qf4  0-1

[Event "5th IECC"]
[Site "Antalya TUR"]
[Date "2004.05.16"]
[Round "2"]
[White "Karadeniz,E"]
[Black "Nedev,T"]
[Result "0-1"]
[WhiteElo "2310"]
[BlackElo "2489"]

1.e4 c5 2.Nf3 Nc6 3.Bb5 Nf6 4.Qe2 g6 5.O-O Bg7 6.c3 O-O 7.d4 cxd4 8.cxd4 d5
9.e5 Ne8 10.Nc3 Nc7 11.Ba4 Bg4 12.Be3 f6 13.exf6 Rxf6 14.h3 Bxf3 15.gxf3 Qd7
16.Kg2 Raf8 17.f4 Bh6 18.Qg4 Qxg4+ 19.hxg4 Bxf4 20.Bb3 e6 21.Ne2 Bxe3 22.fxe3 Rxf1
23.Rxf1 Rxf1 24.Kxf1 Na5 25.Kf2 Nxb3 26.axb3 Kf7 27.Kf3 Kf6 28.Kf4 g5+ 29.Kf3 Kg6
30.Nc1 h5 31.gxh5+ Kxh5 32.Kg3 Ne8 33.Nd3 Nd6 34.Ne5 Ne4+ 35.Kh3 Nf2+ 36.Kg3 Nd1
37.Kf3 Nxb2 38.Ke2 g4 39.Kd2 g3 40.Kc2 g2 41.Nf3 Kg4 42.Ng1 Kg3 43.Kxb2 Kf2
44.Nh3+ Kxe3 45.Kc3 a5 46.Nf2 b5  0-1

[Event "Rapid Open"]
[Site "Cergy Pontoise FRA"]
[Date "2004.05.16"]
[Round "4"]
[White "Fressinet,L"]
[Black "De Faria,C"]
[Result "1-0"]
[WhiteElo "2638"]
[BlackElo "2220"]

1.e4 c5 2.Nf3 Nc6 3.Bb5 g6 4.O-O Bg7 5.c3 e6 6.d4 cxd4 7.cxd4 a6 8.Bxc6 dxc6
9.e5 Ne7 10.Nc3 Nd5 11.Ne4 O-O 12.Bg5 f6 13.exf6 Nxf6 14.Qe2 Qd5 15.Bxf6 Bxf6
16.Nxf6+ Rxf6 17.Ne5 h5 18.Rfd1 b6 19.Nc4 Qd8 20.Rac1 Bb7 21.Qe5 Qe7 22.Nxb6 Raf8
23.f3 Rf5 24.Qe3 c5 25.d5 e5 26.Na4 g5 27.Nxc5 g4 28.fxg4 hxg4 29.d6 Qh7
30.d7 Bxg2 31.d8=Q Bf3 32.Qeg5+ Rxg5 33.Qxg5+  1-0

[Event "TCh-SCG"]
[Site "Petrovac SCG"]
[Date "2004.05.16"]
[Round "1"]
[White "Jakovljev,Z"]
[Black "Miljkovic,Mir"]
[Result "0-1"]
[WhiteElo "2223"]
[BlackElo "2390"]

1.e4 c5 2.Nf3 Nc6 3.Bb5 g6 4.O-O Bg7 5.c3 Nf6 6.d4 cxd4 7.cxd4 a6 8.Ba4 b5
9.Bb3 Nxe4 10.d5 Na5 11.Re1 Nd6 12.Bg5 f6 13.Bf4 Nf7 14.Bc2 e5 15.dxe6 dxe6
16.Qxd8+ Nxd8 17.Bc7 Nac6 18.Nc3 e5 19.Nd5 Be6 20.Bb3 Rc8 21.Bd6 Bxd5 22.Bxd5 Bf8
23.Bxf8 Rxf8 24.Rac1 Ne7 25.Rxc8 Nxc8 26.Nd2 Nb6 27.Bb3 a5 28.f4 a4 29.Bd1 Ne6
30.fxe5 f5 31.Be2 Ke7 32.Bxb5 Rc8 33.Nf3 Rc2  0-1

[Event "22nd LIE-Open"]
[Site "Triesen LIE"]
[Date "2004.05.16"]
[Round "3"]
[White "Kritz,L"]
[Black "Weindl,A"]
[Result "1/2-1/2"]
[WhiteElo "2534"]
[BlackElo "2351"]

1.e4 c5 2.Nf3 Nc6 3.Bb5 g6 4.Bxc6 dxc6 5.d3 Bg7 6.h3 Nf6 7.Nc3 Nd7 8.Be3 e5
9.Qd2 h6 10.O-O Qe7 11.Nh2 b6 12.Rae1 Nf8 13.f4 exf4 14.Rxf4 Be6 15.Rf2 Nd7
16.Nf3 Ne5 17.Nxe5 Bxe5 18.Ne2 g5 19.d4 cxd4 20.Bxd4 Rd8 21.Qe3 Qd6 22.Bc3 Rg8
23.b3 h5 24.Bxe5 Qxe5 25.Ng3 h4 26.Nf5 Rg6 27.Qf3 Rd7 28.Ref1 Kd8 29.c3 c5
30.Ne3 Qxc3 31.e5 Qxe5  1/2-1/2

[Event "5th IECC"]
[Site "Antalya TUR"]
[Date "2004.05.17"]
[Round "3"]
[White "Soylu,S"]
[Black "Idrizaj,A"]
[Result "1-0"]
[WhiteElo "2397"]
[BlackElo "2249"]

1.e4 c5 2.Nf3 Nc6 3.Bb5 e6 4.O-O Nge7 5.Re1 a6 6.Bxc6 Nxc6 7.d4 cxd4 8.Nxd4 d6
9.Nc3 Be7 10.Nxc6 bxc6 11.Qg4 O-O 12.Bh6 Bf6 13.e5 dxe5 14.Rad1 Qe7 15.Ne4 Kh8
16.Be3 Rg8 17.Rd3 Qf8 18.Bd2 Be7 19.Qh5 f6 20.Rh3 h6 21.Qg6  1-0

[Event "TCh-SCG"]
[Site "Petrovac SCG"]
[Date "2004.05.17"]
[Round "2"]
[White "Jakovljev,Z"]
[Black "Dujkovic,S"]
[Result "0-1"]
[WhiteElo "2223"]
[BlackElo "2386"]

1.e4 c5 2.Nf3 Nc6 3.Bb5 Nd4 4.Nxd4 cxd4 5.O-O e6 6.c3 a6 7.Ba4 b5 8.Bb3 Bb7
9.d3 Bc5 10.cxd4 Bxd4 11.Na3 Ne7 12.Nc2 Bb6 13.Be3 O-O 14.Kh1 f5 15.Bxb6 Qxb6
16.Qe2 Rac8 17.Rac1 a5 18.a3 b4 19.axb4 fxe4 20.b5 exd3 21.Qxd3 Rxf2 22.Rxf2 Qxf2
23.Rg1 a4 24.Bxa4 Nd5 25.Qe4 Ba8 26.Qe1 Qf6 27.Qa1 Nf4 28.Qf1 Nxg2 29.Qxf6 Nf4+  0-1

[Event "5th IECC"]
[Site "Antalya TUR"]
[Date "2004.05.18"]
[Round "4"]
[White "Klinova,M"]
[Black "Yeke,S"]
[Result "0-1"]
[WhiteElo "2436"]
[BlackElo "2238"]

1.e4 c5 2.Nf3 Nc6 3.Bb5 g6 4.O-O Bg7 5.Nc3 a6 6.Bxc6 dxc6 7.d3 Nf6 8.a4 a5
9.h3 O-O 10.Be3 Nd7 11.Nd2 e5 12.Nc4 Qe7 13.Qd2 Rd8 14.Ne2 b6 15.Bh6 Ba6
16.Bxg7 Kxg7 17.Ne3 Nf6 18.Qc3 Nxe4 19.dxe4 Bxe2 20.Rfe1 Ba6 21.f4 f6 22.f5 Rd4
23.fxg6 hxg6 24.Ng4 Bc8 25.Qb3 Bxg4 26.hxg4 Rd2 27.Qxb6 Qd7 28.Qb3 Rb8 29.Qe3 Rxb2
30.g5 Qd4 31.gxf6+ Kxf6 32.Kh1 Qxe3 33.Rxe3 Rbxc2 34.Rf1+ Kg7 35.Rg3 Rc4
36.Rb1 Rb4 37.Rc1 c4 38.Rf1 Rd3 39.Rg5 c3 40.Rc1 Rxe4  0-1

[Event "TCh-SCG"]
[Site "Petrovac SCG"]
[Date "2004.05.18"]
[Round "3"]
[White "Sedlak,N"]
[Black "Zakic,S"]
[Result "1/2-1/2"]
[WhiteElo "2519"]
[BlackElo "2365"]

1.e4 c5 2.Nf3 Nc6 3.Bb5 g6 4.O-O Bg7 5.c3 Nf6 6.Qa4 Qb6 7.Re1 O-O 8.d4 cxd4
9.cxd4 d5 10.e5 Ne4 11.Nc3 Nxc3 12.bxc3 Bd7 13.Rb1 Qc7 14.Bf4 a6 15.Bxc6 Bxc6
16.Qa3 Rfc8 17.Bg5 e6 18.Qc1 Bb5 19.Qf4 Qxc3 20.Bh6 Rc4 21.h4 Qd3 22.Bxg7 Kxg7
23.Qf6+ Kg8 24.g4 Rxd4 25.Nxd4 Qxd4 26.Qf3 Rc8 27.Rbd1 Qa4 28.Rc1 Rc4 29.Rxc4 Qxc4
30.h5 gxh5 31.gxh5 h6 32.Qg3+ Kf8 33.Kh2 Qxa2 34.Rg1 Qe2 35.Qg7+ Ke8 36.Qh8+ Kd7
37.Qxh6 Qxf2+ 38.Rg2 Qh4+ 39.Kg1 Qe1+ 40.Kh2 Qh4+ 41.Kg1 Qe1+ 42.Kh2 Qxe5+
43.Rg3 Qe2+ 44.Rg2 Qe5+ 45.Rg3 Qe2+ 46.Rg2 Qe5+  1/2-1/2

[Event "TCh-SCG"]
[Site "Petrovac SCG"]
[Date "2004.05.18"]
[Round "3"]
[White "Popadic,Dr"]
[Black "Miljkovic,Mir"]
[Result "0-1"]
[WhiteElo "2292"]
[BlackElo "2390"]

1.e4 c5 2.Nf3 Nc6 3.Bb5 g6 4.O-O Bg7 5.Re1 e5 6.c3 Nge7 7.d4 cxd4 8.cxd4 Nxd4
9.Nxd4 exd4 10.Nd2 O-O 11.Nf3 Nc6 12.b3 d6 13.h3 a6 14.Bf1 Re8 15.Bb2 Qf6
16.Bc4 Be6 17.Bd5 Bxd5 18.exd5 Rxe1+ 19.Qxe1 Ne5 20.Qe4 Nxf3+ 21.gxf3 Qg5+
22.Kf1 Qd2 23.Qe2 Qxe2+ 24.Kxe2 d3+  0-1

[Event "TCh-SCG"]
[Site "Petrovac SCG"]
[Date "2004.05.19"]
[Round "4"]
[White "Zakic,S"]
[Black "Kojovic,D"]
[Result "1/2-1/2"]
[WhiteElo "2365"]
[BlackElo "2318"]

1.e4 c5 2.Nf3 Nc6 3.Bb5 g6 4.O-O Bg7 5.Re1 e5 6.Bxc6 dxc6 7.d3 b6 8.a4 f6
9.a5 Be6 10.Be3 Nh6 11.h3 O-O 12.Qd2 Nf7  1/2-1/2

[Event "Victor Syre Open"]
[Site "Issy les Moulineaux FRA"]
[Date "2004.05.20"]
[Round "1"]
[White "Jactel,N"]
[Black "Calistri,T"]
[Result "0-1"]
[WhiteElo "2105"]
[BlackElo "2325"]

1.e4 c5 2.Nf3 Nc6 3.Bb5 Na5 4.d4 a6 5.Be2 cxd4 6.Nxd4 d6 7.Nc3 Nf6 8.Be3 e5
9.Nb3 Be6 10.Nd5 Bxd5 11.exd5 Rc8 12.O-O Nc4 13.Bxc4 Rxc4 14.Qd3 Rc8 15.c4 Be7
16.Rac1 O-O 17.Rfd1 b6 18.f4 Ng4 19.fxe5 Nxe5 20.Qe2 Re8 21.Bd4 Bg5 22.Rc3 Nxc4
23.Qc2 b5 24.Kh1 Rc7 25.Nc1 Rce7 26.Nd3 Re2 27.Qb1 Qd7 28.Rc2 Qg4 29.Rxe2 Rxe2
30.Ne1 Bd2 31.g3 Qxd4  0-1

[Event "22nd LIE-Open"]
[Site "Triesen LIE"]
[Date "2004.05.20"]
[Round "7"]
[White "Kveinys,A"]
[Black "Kelecevic,N"]
[Result "0-1"]
[WhiteElo "2550"]
[BlackElo "2381"]

1.e4 c5 2.Nf3 Nc6 3.Bb5 g6 4.Bxc6 dxc6 5.d3 Bg7 6.h3 e5 7.Nc3 Qe7 8.Be3 Nf6
9.Qd2 Nd7 10.Bh6 Bxh6 11.Qxh6 f6 12.O-O-O Nf8 13.Nh4 Be6 14.g4 Bf7 15.Ng2 O-O-O
16.f4 Nd7 17.f5 c4 18.Ne3 cxd3 19.Rxd3 Rhe8 20.Rhd1 Nf8 21.h4 Rxd3 22.Rxd3 Rd8
23.g5 Be8 24.gxf6 Qxf6 25.Ng4 Qe7 26.f6 Qc5 27.Rxd8+ Kxd8 28.Nxe5 Qxe5 29.Qxf8 g5
30.Ne2 Qxe4 31.Qd6+ Kc8 32.Kd2 gxh4 33.Nd4 Qd5 34.Qxd5 cxd5 35.Ke3 Kd7 36.Kf4 h3
37.Kg3 Kd6 38.Kxh3 Ke5 39.Nf3+ Kxf6 40.Kg4 Bg6 41.c3 Be4 42.Nd4 Ke5 43.Kg5 a6
44.a3 Bg6 45.Kh6 Ke4 46.Ne6 Kd3 47.Nc5+ Kc2  0-1

[Event "5th IECC"]
[Site "Antalya TUR"]
[Date "2004.05.21"]
[Round "6"]
[White "Soylu,S"]
[Black "Halkias,S"]
[Result "1/2-1/2"]
[WhiteElo "2397"]
[BlackElo "2541"]

1.e4 c5 2.Nf3 Nc6 3.Bb5 d6 4.Bxc6+ bxc6 5.O-O e5 6.c3 f5 7.exf5 Bxf5 8.d4 cxd4
9.cxd4 e4 10.Qc2 Rc8 11.Ng5 d5 12.f3 Nh6 13.fxe4 dxe4 14.Qc4 Qd5 15.Qa4 Be7
16.Nc3 Qd8 17.Ngxe4 O-O 18.Qc4+ Kh8 19.Bf4 Qb6 20.Na4 Qb5 21.Nac5 Rfd8 22.Qxb5 cxb5
23.Rad1 Bg6 24.Bxh6 gxh6 25.a3 a5 26.b4 axb4 27.axb4 Bxe4 28.Nxe4 Bxb4 29.Rf5 Rb8
30.d5 Bf8 31.Rd3 b4 32.Rff3 Rb6 33.Kf1 Ra6 34.Nd2 Ra1+ 35.Kf2 Ra2 36.Kg3 Ra3
37.Nb3 Bd6+ 38.Kh3 Rc8 39.g3 Kg7 40.Rfe3 h5 41.Kh4 Rc2 42.h3 Rc4+ 43.Kxh5 Kf7
44.Rf3+ Ke7 45.Rde3+ Kd8 46.Re6 Bb8 47.Rf8+ Kd7 48.Rxb8 Rxb3 49.Rb7+ Kd8
50.Ra6 Rxg3  1/2-1/2

[Event "TCh-SCG"]
[Site "Petrovac SCG"]
[Date "2004.05.21"]
[Round "6"]
[White "Marinovic,B"]
[Black "Civric,Z"]
[Result "1-0"]
[WhiteElo "2351"]
[BlackElo "2175"]

1.e4 c5 2.Nf3 Nc6 3.Bb5 g6 4.Bxc6 dxc6 5.h3 Bg7 6.d3 Nf6 7.Nc3 Nd7 8.Be3 e5
9.Qd2 h6 10.a3 Qe7 11.O-O Nf8 12.b4 Ne6 13.Na4 b6 14.Rab1 g5 15.bxc5 b5 16.Nc3 Nxc5
17.a4 a6 18.axb5 axb5 19.Ne2 Ne6 20.Qc3 Bd7 21.Ng3 Nf4 22.Bxf4 gxf4 23.Nf5 Qf6
24.Nxg7+ Qxg7 25.Qxe5+ Qxe5 26.Nxe5 Rg8 27.Ra1 Ke7 28.Kh2 f6 29.Nxd7 Kxd7
30.g3 fxg3+ 31.fxg3 Ke6 32.g4 Ra4 33.Kg3 Rxa1 34.Rxa1 Ke5 35.Ra3 h5 36.Rc3 Kd6
37.d4 hxg4 38.hxg4 Rh8 39.Kf4 Rh2 40.e5+ fxe5+ 41.dxe5+ Kd5 42.Rd3+ Kc4 43.e6 Rxc2
44.e7 Kxd3 45.e8=Q Rc4+ 46.Kf3 b4 47.g5 b3 48.g6 b2 49.g7 Rc1 50.Qe2+ Kc3
51.g8=Q  1-0